| 000 | 006300000a22001930004500 | ||
|---|---|---|---|
| 001 | 003436 | ||
| 003 | MACL | ||
| 005 | 20150804160509.0 | ||
| 008 | 150804b xxu||||| |||| 00| 0 eng d | ||
| 040 |
_aMACL _cMACL |
||
| 041 | _aEnglish | ||
| 082 | _a370 | ||
| 100 |
_aThe Ramakrishna Mission Institute of Culture, _94551 |
||
| 245 |
_aPhilosophy and Science of Value Education in the Context of Modern India _bPapers read at a Seminar _cThe Ramakrishna Mission Institute of Culture |
||
| 260 |
_aKolkata _c2006 _bThe Ramakrishna Mission Institute of Culture, |
||
| 350 | _a50 | ||
| 650 |
_aEducation _94705 |
||
| 942 |
_k370 _cBK _2ddc |
||
| 999 |
_c15337 _d15337 |
||